Production and purification of human leukocyte interferon

Elmentve itt :
Bibliográfiai részletek
Szerzők: Béládi I.
Tóth M.
Mécs I.
Tóth S.
Taródi B.
Pusztai Rozália
Koltai M.
Dokumentumtípus: Könyv része
Megjelent: University Park Press; Tōkyō Daigaku Shuppan-kai Tokyo, Baltimore (MD) 1982
Sorozat:The clinical potential of interferons
Tárgyszavak:
mtmt:2403518
Online Access:http://publicatio.bibl.u-szeged.hu/33470
LEADER 00900naa a2200265 i 4500
001 publ33470
005 20250526095043.0
008 250526s1982 hu o 000 eng d
024 7 |a 2403518  |2 mtmt 
040 |a SZTE Publicatio Repozitórium  |b hun 
041 |a eng 
100 1 |a Béládi I. 
245 1 0 |a Production and purification of human leukocyte interferon  |h [elektronikus dokumentum] /  |c  Béládi I. 
260 |a University Park Press; Tōkyō Daigaku Shuppan-kai  |b Tokyo, Baltimore (MD)  |c 1982 
300 |a 8 
300 |a 31-38 
490 0 |a The clinical potential of interferons 
650 4 |a Általános orvostudomány 
700 0 1 |a Tóth M.  |e aut 
700 0 1 |a Mécs I.  |e aut 
700 0 1 |a Tóth S.  |e aut 
700 0 1 |a Taródi B.  |e aut 
700 0 1 |a Pusztai Rozália  |e aut 
700 0 1 |a Koltai M.  |e aut 
856 4 0 |u http://publicatio.bibl.u-szeged.hu/33470/1/aok_klny_91_82.pdf  |z Dokumentum-elérés